The Money List - James Bond Films - Statistics

General Stats
  • This quiz has been taken 11 times
  • The average score is 20 of 25
Answer Stats
Answer % Correct
Casino Royale
100%
Dr. No
100%
Octopussy
100%
The Man with the Golden Gun
100%
GoldenEye
89%
Goldfinger
89%
Licence to Kill
89%
Moonraker
89%
Quantum of Solace
89%
Skyfall
89%
The Spy Who Loved Me
89%
A View to a Kill
78%
Die Another Day
78%
From Russia with Love
78%
No Time to Die
78%
On Her Majesty's Secret Service
78%
Spectre
78%
The Living Daylights
78%
Thunderball
78%
You Only Live Twice
78%
Diamonds Are Forever
67%
Live and Let Die
67%
The World Is Not Enough
67%
Tomorrow Never Dies
56%
For Your Eyes Only
44%
No matching quizzes found
Score Distribution
Percent of People with Each Score
Percentile by Number Answered
Your Score History
You have not taken this quiz